| 000 | 00771nam a2200253 a 4500 | ||
|---|---|---|---|
| 001 | 68778 | ||
| 003 | BD-RjUL | ||
| 005 | 20211209081817.0 | ||
| 008 | 19 s1952 no a 001 0 eng d | ||
| 035 | _a(BD-RjUL)68989 | ||
| 040 |
_aDLC _cAZU _dAZU _dLUN _beng |
||
| 041 | _aeng | ||
| 049 | _lo | ||
| 082 |
_223 _a338.0481 _bIND 1952 |
||
| 245 | 0 | 0 |
_aIndustries of Norway : _btechnical and commercial achievements./ _cedited by Olge Adamson |
| 260 |
_a[Oslo] : _bDreyer, _c[c1952]. |
||
| 300 |
_a392 p. : _bill., ports., col. maps ; _c29 cm. |
||
| 500 | _aIncludes index. | ||
| 650 | 0 |
_aIndustries _zNorway. _9228459 |
|
| 700 | 1 |
_aAdamson, Olge Jungstedt. _9228462 |
|
| 942 |
_2ddc _cBK |
||
| 999 |
_c68778 _d68778 |
||